000 00469nam a2200169Ia 4500
999 _c155
_d155
003 OSt
005 20210827122246.0
008 190216s9999||||xx |||||||||||||| ||und||
040 _coclc
082 _a956
_bBAK/N
100 _aBak, Muhammed Al Kudri
_98714
245 0 _aNurul Yaqeen /
_cMuhammed Al Kudri Bak
260 _bHilal Book House,
_c1973.
_aTirurkkad:
300 _a340p
650 _aArabic
942 _cBK
_2ddc
_h956
_iBAK/N
_k956
_mBAK/N